STN 80 0865: 1993 [neplatná], Zjišťování zešikmení plošných textilií, kusových výrobků a oblečení.
Saved in:
| Corporate Author: | |
|---|---|
| Format: | Norma |
| Language: | Slovak Czech English |
| Published: |
Praha :
Federální úřad pro normalizaci a měření,
1993.
|
| Subjects: | |
| Physical Description: |
6 s. ; 30 cm. |
| Tags: |
Add Tag
No Tags, Be the first to tag this record!
|
Titul je dostupný aj v ... 

MARC
| LEADER | 00000nam a2200000 a 4500 | ||
|---|---|---|---|
| 001 | 000728708 | ||
| 003 | SVKKK | ||
| 005 | 20250410093811.0 | ||
| 008 | 121206s1993 xo f u 000 0 slo c | ||
| 020 | |c (cen. skup. 8) | ||
| 040 | |a SVKKK |b slo |c SVKKK |e AACR2 | ||
| 041 | 1 | |a cze |h eng | |
| 044 | |a xo |c SK | ||
| 046 | |a m |m 199305 (účin. ) |n 20220301 (zruš.) | ||
| 080 | |a 677.074/.077 |2 2001 | ||
| 080 | |a 006.7/.8 |2 2001 | ||
| 080 | |a (437.6) 2 2001 | ||
| 080 | |a (4) |2 2001 | ||
| 245 | 1 | 0 | |a STN 80 0865: 1993 [neplatná], Zjišťování zešikmení plošných textilií, kusových výrobků a oblečení. |
| 246 | 3 | 0 | |a ČSN 80 0865: 1993 |
| 260 | |a Praha : |b Federální úřad pro normalizaci a měření, |c 1993. | ||
| 300 | |a 6 s. ; |c 30 cm. | ||
| 500 | |a Spracovateľ Institut pro testování a certiikaci Zlín | ||
| 540 | |a STN vydané na akomkoľvek nosiči sa môžu rozmnožovať a rozširovať iba so súhlasom určenej právnickej osoby |b SÚTN Bratislava |c zákon 264/1999 Z. z. | ||
| 650 | 0 | 7 | |a textílie |2 SVKKKPH |
| 655 | 7 | |a normy |2 SVKKKPH | |
| 650 | 0 | 7 | |a technické normy a štandardy |z Slovensko |
| 650 | 0 | 7 | |a technické normy a štandardy |z krajiny Európskej únie |
| 650 | 0 | 7 | |a štruktúra textílií |
| 710 | 2 | |a Institut pro testování a certiikaci (Zlín, Česko) |4 aut | |
| 710 | 2 | |a Federální úřad pro normalizaci a měření |b Praha |4 stn | |
| 910 | |a svkkk | ||
| 998 | |a NO | ||
| 090 | |g SCKHL |k Normy Pribinova 1 |a STN 80 0865 |j 14986 |i 2721141833 |s Normy-prez. | ||